Gaming Quiz

Random Gaming or Pokémon Quiz

Pokémon with Branched Evolutions Quiz Stats

 Plays Quiz Updated Oct 27, 2016

Score 0/31 Timer 05:00
0 Plays Today
Evolves from Evolution % Correct
EeveeFlareon
92.6%
EeveeVaporeon
92.4%
EeveeJolteon
92%
SlowpokeSlowbro
90.2%
PoliwhirlPoliwrath
90%
SlowpokeSlowking
89.3%
EeveeUmbreon
88.3%
GloomVileplume
86.6%
EeveeEspeon
86%
EeveeLeafeon
85.4%
TyrogueHitmonlee
82.6%
TyrogueHitmonchan
82.3%
EeveeGlaceon
82.2%
TyrogueHitmontop
81.4%
NincadaNinjask
76.9%
PoliwhirlPolitoed
76.8%
Evolves from Evolution % Correct
KirliaGardevoir
75.9%
EeveeSylveon
74.5%
GloomBellossom
73.1%
WurmpleCascoon
72%
KirliaGallade
71.3%
WurmpleSilcoon
70.6%
NincadaShedinja
70%
SnoruntGlalie
69.3%
ClamperlHuntail
67.7%
SnoruntFroslass
64.2%
CosmoemLunala
63.8%
ClamperlGorebyss
63.1%
CosmoemSolgaleo
62.5%
BurmyWormadam
60.3%
BurmyMothim
55.9%

You're not logged in!

Compare scores with friends on all Sporcle quizzes.
OR
Log In

Sporcle TV

Today on Sporcle TV


Watch our educational content, quiz creation guides, and fun videos on Sporcle TV.

Show Comments

Extras

Top Quizzes Today


Score Distribution

Your Account Isn't Verified!

In order to create a playlist on Sporcle, you need to verify the email address you used during registration. Go to your Sporcle Settings to finish the process.

Report this User

Report this user for behavior that violates our Community Guidelines.

Details: